Țările care încep cu litera L - Statistics

General Stats
  • This quiz has been taken 29 times
  • The average score is 5 of 9
Answer Stats
Ţară % Correct
Lituania
89%
Letonia
78%
Liban
67%
Libia
67%
Luxemburg
67%
Laos
56%
Liberia
56%
Liechtenstein
33%
Lesotho
22%
No matching quizzes found
Score Distribution
Percent of People with Each Score
Percentile by Number Answered
Your Score History
You have not taken this quiz